[Event "Asian University"]
[Site "Tornelo INT"]
[Date "2021.09.12"]
[Round "7"]
[White "Yeoh, Li Tian"]
[Black "Doluweera, Minul Sanjula"]
[Result "1-0"]
[WhiteElo "2523"]
[BlackElo "2129"]
[PlyCount "39"]
[EventDate "2021.09.10"]
[EventType "swiss (rapid)"]
[EventRounds "9"]
[EventCountry "NET"]
[SourceTitle "CBM 204 Extra"]
[Source "ChessBase"]
[SourceDate "2021.11.30"]
[SourceVersion "1"]
[SourceVersionDate "2021.11.30"]
[SourceQuality "1"]

1. Nf3 d5 2. g3 g6 3. Bg2 Bg7 4. 0-0 e5 5. d3 Ne7 6. c4 0-0 7. Qc2 Nbc6 8. a3 h6 9. cxd5 Nxd5 10. Nc3 Be6 11. Ne4 Bg4 12. e3 Nce7 13. b4 b6 14. Bb2 f6 15. Ned2 c5 16. bxc5 bxc5 17. Rac1 Rb8 18. Ba1 Rb5 19. Qc4 Bd7 20. e4 1-0

[Event "Asian University"]
[Site "Tornelo INT"]
[Date "2021.09.10"]
[Round "1"]
[White "Tin, Jingyao"]
[Black "Doluweera, Minul Sanjula"]
[Result "1-0"]
[WhiteElo "2485"]
[BlackElo "2129"]
[PlyCount "95"]
[EventDate "2021.09.10"]
[EventType "swiss (rapid)"]
[EventRounds "9"]
[EventCountry "NET"]
[SourceTitle "CBM 204 Extra"]
[Source "ChessBase"]
[SourceDate "2021.11.30"]
[SourceVersion "1"]
[SourceVersionDate "2021.11.30"]
[SourceQuality "1"]

1. d4 Nf6 2. c4 e6 3. Nf3 d5 4. Nc3 Bb4 5. cxd5 exd5 6. Bg5 h6 7. Bh4 c5 8. dxc5 g5 9. Bg3 Nc6 10. e3 Ne4 11. Rc1 Qa5 12. a3 Bxc3+ 13. bxc3 Qxa3 14. Bd3 Qxc5 15. 0-0 Be6 16. Nd4 0-0 17. Bxe4 dxe4 18. Nxe6 fxe6 19. Bd6 Qf5 20. Bxf8 Rxf8 21. Rb1 Ne5 22. Rxb7 Nd3 23. Rxa7 Qc5 24. Ra2 Qxc3 25. Qh5 Qf6 26. h3 Rf7 27. Qg4 Qe5 28. Ra4 Nc5 29. Rc4 Qd5 30. Rd4 Qe5 31. Qe2 Kg7 32. Qc4 Qf5 33. Rd6 Rf6 34. Qd4 Nd3 35. Qa7+ Kg6 36. Rd7 h5 37. Rh7 Rf7 38. Rxf7 Qxf7 39. Qxf7+ Kxf7 40. Rb1 h4 41. Rb5 Kf6 42. Kf1 Ne5 43. Ke2 Nf7 44. Kd2 Nd6 45. Rc5 Nf5 46. Kc3 Kf7 47. Re5 Nd6 48. Rxg5 1-0

[Event "Online Olym Div2 C"]
[Site "Chess.com INT"]
[Date "2021.09.03"]
[Round "6.3"]
[White "Blomqvist, Erik"]
[Black "Doluweera, Minul Sanjula"]
[Result "1/2-1/2"]
[WhiteElo "2536"]
[BlackElo "2129"]
[PlyCount "139"]
[EventDate "2021.09.02"]
[EventType "team (rapid)"]
[EventRounds "9"]
[EventCountry "USA"]
[SourceTitle "CBM 204 Extra"]
[Source "ChessBase"]
[SourceDate "2021.11.30"]
[SourceVersion "1"]
[SourceVersionDate "2021.11.30"]
[SourceQuality "1"]
[WhiteTeam "Sweden"]
[BlackTeam "Sri Lanka"]
[WhiteTeamCountry "SWE"]
[BlackTeamCountry "SRI"]

1. e4 c6 2. d4 d5 3. exd5 cxd5 4. Bd3 Nc6 5. c3 Nf6 6. Bf4 Bg4 7. Qb3 Qd7 8. Nd2 e6 9. Ngf3 Bd6 10. Bxd6 Qxd6 11. 0-0 0-0 12. Rae1 Rab8 13. Ne5 Bf5 14. Bxf5 exf5 15. Qc2 g6 16. Ndf3 b5 17. a3 a5 18. Qd2 Kg7 19. Qf4 Ne4 20. Re2 b4 21. cxb4 axb4 22. a4 Rfe8 23. h4 b3 24. Re3 Rb4 25. Rd1 Na5 26. Nd3 Qxf4 27. Nxf4 Nc4 28. Re2 Rxa4 29. Nxd5 Ra2 30. Nb4 Rxb2 31. Rxb2 Nxb2 32. Rb1 Rb8 33. Nc6 Rb6 34. Na5 Rb5 35. Rxb2 Rxa5 36. Rxb3 Ra1+ 37. Kh2 Nxf2 38. Rb7 f4 39. g3 Ra3 40. Kg2 fxg3 41. Ng5 h6 42. Nxf7 Kf6 43. Nxh6 Ne4 44. Rb2 Rd3 45. Ng4+ Kf5 46. Ne5 Rxd4 47. Nf3 Rd3 48. Ng5 Nxg5 49. hxg5 Kxg5 50. Rb4 Ra3 51. Rc4 Rb3 52. Ra4 Rc3 53. Rb4 Rd3 54. Ra4 Re3 55. Rb4 Ra3 56. Rc4 Kh5 57. Rb4 g5 58. Rc4 Rb3 59. Ra4 Rc3 60. Rb4 Rd3 61. Ra4 Re3 62. Rb4 Ra3 63. Rc4 Re3 64. Ra4 g4 65. Ra8 Re2+ 66. Kxg3 Re3+ 67. Kg2 Re2+ 68. Kg3 Re3+ 69. Kg2 Re2+ 70. Kg3 1/2-1/2

[Event "Online Olym Div2 C"]
[Site "Chess.com INT"]
[Date "2021.09.03"]
[Round "4.4"]
[White "Fidalgo, Andre Neves"]
[Black "Doluweera, Minul Sanjula"]
[Result "0-1"]
[WhiteElo "2263"]
[BlackElo "2129"]
[PlyCount "72"]
[EventDate "2021.09.02"]
[EventType "team (rapid)"]
[EventRounds "9"]
[EventCountry "USA"]
[SourceTitle "CBM 204 Extra"]
[Source "ChessBase"]
[SourceDate "2021.11.30"]
[SourceVersion "1"]
[SourceVersionDate "2021.11.30"]
[SourceQuality "1"]
[WhiteTeam "Portugal"]
[BlackTeam "Sri Lanka"]
[WhiteTeamCountry "POR"]
[BlackTeamCountry "SRI"]

1. d4 d5 2. c4 e6 3. Nf3 Nf6 4. g3 dxc4 5. Bg2 Bd7 6. Qc2 Bc6 7. Qxc4 Nbd7 8. 0-0 Bd6 9. Bg5 h6 10. Bxf6 Nxf6 11. Nc3 0-0 12. Qd3 Qe7 13. e4 e5 14. Rfe1 Rad8 15. d5 Bd7 16. Nd2 a6 17. a4 Bc8 18. Qc4 Nh7 19. h4 g5 20. Nf3 Kg7 21. Nd1 f5 22. exf5 Rxf5 23. Ne3 Rf6 24. Nd2 Rdf8 25. Ne4 R6f7 26. hxg5 Nxg5 27. Nxg5 hxg5 28. Re2 Bc5 29. Qe4 Bd4 30. Rf1 Qc5 31. Rc2 Qb6 32. Rfc1 Rxf2 33. Rxf2 Bxe3 34. Qxe5+ Kg8 35. Rxc7 Bxf2+ 36. Kh1 Qh6+ 0-1

[Event "Online Olym Div2 C"]
[Site "Chess.com INT"]
[Date "2021.09.02"]
[Round "2.5"]
[White "Notkevich, Benjamin Arvola"]
[Black "Doluweera, Minul Sanjula"]
[Result "1-0"]
[WhiteElo "2471"]
[BlackElo "2129"]
[PlyCount "45"]
[EventDate "2021.09.02"]
[EventType "team (rapid)"]
[EventRounds "9"]
[EventCountry "USA"]
[SourceTitle "CBM 204 Extra"]
[Source "ChessBase"]
[SourceDate "2021.11.30"]
[SourceVersion "1"]
[SourceVersionDate "2021.11.30"]
[SourceQuality "1"]
[WhiteTeam "Norway"]
[BlackTeam "Sri Lanka"]
[WhiteTeamCountry "NOR"]
[BlackTeamCountry "SRI"]

1. d4 d5 2. c4 e6 3. Nc3 Nf6 4. cxd5 exd5 5. Bg5 c6 6. e3 Be7 7. Bd3 Nbd7 8. Qc2 h6 9. Bh4 Nh5 10. Bxe7 Qxe7 11. 0-0-0 Nb6 12. Nf3 Bg4 13. Kb1 Nf6 14. Rc1 0-0-0 15. Ne5 Be6 16. Nb5 Kb8 17. Qxc6 Nc4 18. Bxc4 dxc4 19. Qf3 Bd5 20. Qg3 Ka8 21. f3 Nd7 22. Nc7+ Kb8 23. Nxd5 1-0

[Event "Online Olym Div3 A"]
[Site "Chess.com INT"]
[Date "2021.08.27"]
[Round "1.5"]
[White "Piwari, Dylan Tama"]
[Black "Doluweera, Minul Sanjula"]
[Result "0-1"]
[WhiteElo "1943"]
[BlackElo "2129"]
[PlyCount "112"]
[EventDate "2021.08.27"]
[EventType "team-tourn (rapid)"]
[EventRounds "9"]
[EventCountry "USA"]
[SourceTitle "CBM 204 Extra"]
[Source "ChessBase"]
[SourceDate "2021.11.30"]
[SourceVersion "1"]
[SourceVersionDate "2021.11.30"]
[SourceQuality "1"]
[WhiteTeam "New Zealand"]
[BlackTeam "Sri Lanka"]
[WhiteTeamCountry "NZL"]
[BlackTeamCountry "SRI"]

1. c4 e6 2. d4 d5 3. e3 Nf6 4. Nc3 c5 5. Nf3 Nc6 6. Be2 a6 7. a4 cxd4 8. exd4 Be7 9. 0-0 0-0 10. h3 dxc4 11. Bxc4 Nb4 12. Bf4 Bd7 13. Ne5 Rc8 14. Bb3 Bc6 15. Nxc6 Rxc6 16. Re1 Nbd5 17. Be5 Nxc3 18. bxc3 Nd7 19. Rc1 Nxe5 20. Rxe5 Bf6 21. Re1 Qb6 22. Bc2 Qa5 23. Be4 Rxc3 24. Rxc3 Qxc3 25. Bxb7 Bxd4 26. Bxa6 Rd8 27. Qc1 Qa5 28. Bb5 g6 29. Rd1 Qb6 30. Kf1 e5 31. Qc2 Rd5 32. Qc6 Qxc6 33. Bxc6 Rc5 34. Bb5 Rc2 35. Be2 Ra2 36. f4 Rxa4 37. fxe5 Bxe5 38. Bf3 Ra2 39. Be2 h5 40. g4 h4 41. Rc1 Ra3 42. Rc8+ Kg7 43. Re8 f6 44. Re7+ Kh6 45. Bc4 Rxh3 46. Re8 Rg3 47. Be6 Kg5 48. Ra8 h3 49. Ra2 Bd4 50. Ra5+ Kh4 51. Ra4 h2 52. Bd5 Rxg4 53. Ke2 Be5 54. Ra3 Rg1 55. Ra4+ Kg5 56. Kf3 h1Q+ 0-1

[Event "Asian Hybrid"]
[Site "Tornelo INT"]
[Date "2021.05.29"]
[Round "9"]
[White "Doluweera, Minul Sanjula"]
[Black "Gholami Orimi, Mahdi"]
[Result "0-1"]
[WhiteElo "2129"]
[BlackElo "2430"]
[PlyCount "70"]
[EventDate "2021.05.21"]
[EventType "swiss"]
[EventRounds "9"]
[EventCountry "NET"]
[SourceTitle "CBM 202 Extra"]
[Source "ChessBase"]
[SourceDate "2021.07.31"]
[SourceVersion "1"]
[SourceVersionDate "2021.07.31"]
[SourceQuality "1"]

1. c4 g6 2. d4 Bg7 3. e4 Nc6 4. d5 Nd4 5. Be3 c5 6. Nc3 e5 7. dxe6 dxe6 8. Nge2 Ne7 9. f4 Nec6 10. e5 f6 11. exf6 Qxf6 12. g3 Qf5 13. Rc1 Nf3+ 14. Kf2 Nfe5 15. Kg2 Nxc4 16. Bf2 0-0 17. Qc2 Qxc2 18. Rxc2 Nb4 19. Rc1 b6 20. Kg1 Bb7 21. Bg2 Bxg2 22. Kxg2 Nxb2 23. Ne4 Nxa2 24. Ra1 Nb4 25. Nxc5 bxc5 26. Bxc5 Rfb8 27. Bxa7 N2d3 28. Bd4 Nc2 29. Bxg7 Kxg7 30. Rxa8 Rxa8 31. Rb1 Ra2 32. Kf3 Ncb4 33. h3 e5 34. Nc1 Rf2+ 35. Ke4 Rf1 0-1

[Event "Asian Hybrid"]
[Site "Tornelo INT"]
[Date "2021.05.26"]
[Round "6"]
[White "Chinguun, Sumiya"]
[Black "Doluweera, Minul Sanjula"]
[Result "1/2-1/2"]
[WhiteElo "2269"]
[BlackElo "2129"]
[PlyCount "129"]
[EventDate "2021.05.21"]
[EventType "swiss"]
[EventRounds "9"]
[EventCountry "NET"]
[SourceTitle "CBM 202 Extra"]
[Source "ChessBase"]
[SourceDate "2021.07.31"]
[SourceVersion "1"]
[SourceVersionDate "2021.07.31"]
[SourceQuality "1"]

1. e4 c6 2. c4 d5 3. cxd5 cxd5 4. exd5 Nf6 5. Nc3 g6 6. Bc4 Bg7 7. Nf3 0-0 8. 0-0 Na6 9. d3 Nc7 10. Qb3 b5 11. Bxb5 Rb8 12. Qc4 Nxb5 13. Nxb5 Ba6 14. a4 Nxd5 15. Nfd4 Bxb5 16. Nxb5 Qd7 17. d4 Rfc8 18. Qd3 a6 19. Nc3 Nb4 20. Qe4 Qxd4 21. Qxe7 Re8 22. Qg5 Nd3 23. Be3 Qc4 24. Nd5 h6 25. Nf6+ Kh8 26. Qd5 Qxd5 27. Nxd5 Rxb2 28. Nc7 Rc8 29. Nxa6 Rc6 30. Rad1 Rxa6 31. Rxd3 Rxa4 32. Rd7 Kg8 33. Rc1 Rb8 34. g3 Ra1 35. Rxa1 Bxa1 36. Bxh6 Bg7 37. Be3 Bf6 38. Kg2 Rd8 39. Rc7 Bd4 40. Bg5 Rd5 41. Be7 Kg7 42. f4 Bf6 43. Bb4 Rd4 44. Rb7 Rc4 45. h4 Rc2+ 46. Kf3 Rb2 47. g4 Rb3+ 48. Ke4 Be7 49. Rxe7 Rxb4+ 50. Kf3 Rb1 51. Re2 Rb3+ 52. Re3 Rb1 53. g5 Rf1+ 54. Kg4 Rg1+ 55. Rg3 Rh1 56. Rg2 Kg8 57. Rf2 Rg1+ 58. Kh3 f6 59. f5 fxg5 60. fxg6 gxh4 61. Rg2 Rxg2 62. Kxg2 Kg7 63. Kh3 Kxg6 64. Kg4 h3 65. Kxh3 1/2-1/2

[Event "Asian Hybrid"]
[Site "Tornelo INT"]
[Date "2021.05.23"]
[Round "3"]
[White "Doluweera, Minul Sanjula"]
[Black "Lim, Zhuo Ren"]
[Result "1/2-1/2"]
[WhiteElo "2129"]
[BlackElo "2311"]
[PlyCount "60"]
[EventDate "2021.05.21"]
[EventType "swiss"]
[EventRounds "9"]
[EventCountry "NET"]
[SourceTitle "CBM 202 Extra"]
[Source "ChessBase"]
[SourceDate "2021.07.31"]
[SourceVersion "1"]
[SourceVersionDate "2021.07.31"]
[SourceQuality "1"]

1. d4 Nf6 2. Nf3 d5 3. c4 e6 4. Nc3 a6 5. c5 b6 6. cxb6 cxb6 7. Bg5 Be7 8. e3 0-0 9. Bd3 Bb7 10. 0-0 Nbd7 11. Qe2 h6 12. Bf4 Ne4 13. Rfc1 b5 14. Rc2 Rc8 15. Rac1 Qa5 16. a3 Nd6 17. Ne5 Nxe5 18. dxe5 Nc4 19. Qg4 g5 20. h4 Qd8 21. Ne2 Kh8 22. Qh5 Kg7 23. hxg5 Bxg5 24. Nd4 Qe7 25. b3 Bxf4 26. exf4 Nxa3 27. Qg4+ Kh8 28. Qh5 Kg7 29. Qg4+ Kh8 30. Qh5 Kg7 1/2-1/2

[Event "FIDE World Uni Rapid-E 1st"]
[Site "Tornelo INT"]
[Date "2021.03.21"]
[Round "8"]
[White "Doluweera, Minul Sanjula"]
[Black "Reshef, Omer"]
[Result "1-0"]
[WhiteElo "2139"]
[BlackElo "2495"]
[PlyCount "69"]
[EventDate "2021.03.20"]
[EventType "swiss (rapid)"]
[EventRounds "12"]
[EventCountry "NET"]
[SourceTitle "EXT 2022"]
[Source "ChessBase"]
[SourceDate "2021.10.06"]
[SourceVersion "1"]
[SourceVersionDate "2021.10.06"]
[SourceQuality "1"]

1. d4 d5 2. c4 c6 3. cxd5 cxd5 4. Bg5 h6 5. Bh4 Qb6 6. Nc3 e6 7. Qd2 Nc6 8. e3 Nf6 9. Bxf6 gxf6 10. Bd3 Bd6 11. Nge2 Bd7 12. 0-0 f5 13. Rac1 Na5 14. Rc2 Rc8 15. Rfc1 0-0 16. e4 dxe4 17. Qxh6 Be7 18. Nxe4 fxe4 19. Bxe4 f5 20. Qg6+ Kh8 21. Rc3 Bh4 22. Rh3 Rxc1+ 23. Nxc1 Qd8 24. Qh6+ Kg8 25. Qg6+ Kh8 26. Qh6+ Kg8 27. Rxh4 Kf7 28. Nd3 Ke7 29. Ne5 Kd6 30. Qf4 fxe4 31. Nf7+ Ke7 32. Qg5+ Kxf7 33. Rh7+ Ke8 34. Qg6+ Rf7 35. Qxf7# 1-0

[Event "FIDE World Uni Rapid-E 1st"]
[Site "Tornelo INT"]
[Date "2021.03.21"]
[Round "7"]
[White "Herrera, Diego"]
[Black "Doluweera, Minul Sanjula"]
[Result "0-1"]
[WhiteElo "1832"]
[BlackElo "2139"]
[PlyCount "42"]
[EventDate "2021.03.20"]
[EventType "swiss (rapid)"]
[EventRounds "12"]
[EventCountry "NET"]
[SourceTitle "EXT 2022"]
[Source "ChessBase"]
[SourceDate "2021.10.06"]
[SourceVersion "1"]
[SourceVersionDate "2021.10.06"]
[SourceQuality "1"]

1. e4 c6 2. d4 d5 3. exd5 cxd5 4. c4 Nf6 5. Nc3 g6 6. c5 Bg7 7. h3 0-0 8. Nf3 b6 9. b4 a5 10. Na4 Nfd7 11. a3 axb4 12. axb4 bxc5 13. Bb2 cxb4 14. Qb3 Nb6 15. Qxb4 Nxa4 16. Rxa4 Nc6 17. Qa3 Rxa4 18. Qxa4 Qb6 19. Bb5 Bd7 20. Ba3 Rb8 21. Bd3 Ne5 0-1

[Event "FIDE World Uni Rapid-E 1st"]
[Site "Tornelo INT"]
[Date "2021.03.21"]
[Round "10"]
[White "Kirilin, Dmitrij"]
[Black "Doluweera, Minul Sanjula"]
[Result "1-0"]
[WhiteElo "2093"]
[BlackElo "2139"]
[PlyCount "33"]
[EventDate "2021.03.20"]
[EventType "swiss (rapid)"]
[EventRounds "12"]
[EventCountry "NET"]
[SourceTitle "EXT 2022"]
[Source "ChessBase"]
[SourceDate "2021.10.06"]
[SourceVersion "1"]
[SourceVersionDate "2021.10.06"]
[SourceQuality "1"]

1. Nf3 Nf6 2. c4 e6 3. Nc3 d5 4. d4 Bb4 5. Bg5 h6 6. Bxf6 Qxf6 7. Qa4+ Nc6 8. e3 0-0 9. Rd1 a6 10. Qb3 dxc4 11. Bxc4 Bd6 12. Ne4 Qg6 13. Bd3 Qxg2 14. Ke2 e5 15. Rhg1 Qh3 16. Rg3 Qh5 17. Nf6+ 1-0

[Event "FIDE World Uni Rapid-E 1st"]
[Site "Tornelo INT"]
[Date "2021.03.20"]
[Round "3"]
[White "Doluweera, Minul Sanjula"]
[Black "Raja, Harshit"]
[Result "0-1"]
[WhiteElo "2139"]
[BlackElo "2472"]
[PlyCount "48"]
[EventDate "2021.03.20"]
[EventType "swiss (rapid)"]
[EventRounds "12"]
[EventCountry "NET"]
[SourceTitle "EXT 2022"]
[Source "ChessBase"]
[SourceDate "2021.10.06"]
[SourceVersion "1"]
[SourceVersionDate "2021.10.06"]
[SourceQuality "1"]

1. d4 Nf6 2. c4 e6 3. Nf3 d5 4. Nc3 c5 5. cxd5 exd5 6. e3 Nc6 7. Bb5 cxd4 8. Nxd4 Bd7 9. 0-0 Bd6 10. Nf3 a6 11. Be2 Be6 12. b3 0-0 13. Bb2 Rc8 14. Rc1 Re8 15. Qd3 Bg4 16. Rfd1 Qe7 17. Nxd5 Nxd5 18. Qxd5 Red8 19. Qc4 Ne5 20. Qe4 Nxf3+ 21. Bxf3 Qxe4 22. Bxe4 Bxd1 23. Rxd1 Bxh2+ 24. Kxh2 Rxd1 0-1

[Event "FIDE World Uni Blitz-C 1st"]
[Site "Tornelo INT"]
[Date "2021.03.13"]
[Round "2.44"]
[White "Doluweera, Minul Sanjula"]
[Black "Michuki, Francis"]
[Result "1-0"]
[WhiteElo "2139"]
[BlackElo "1637"]
[PlyCount "35"]
[EventDate "2021.03.13"]
[EventType "swiss (blitz)"]
[EventRounds "10"]
[EventCountry "NET"]
[SourceTitle "EXT 2022"]
[Source "ChessBase"]
[SourceDate "2021.10.06"]
[SourceVersion "1"]
[SourceVersionDate "2021.10.06"]
[SourceQuality "1"]

1. d4 Nf6 2. c4 g6 3. Nc3 d6 4. e4 Bg7 5. h3 Nc6 6. Nf3 Nd7 7. Be3 e5 8. d5 Ne7 9. g4 b6 10. Be2 Bb7 11. h4 f5 12. gxf5 gxf5 13. Ng5 Nf8 14. Bh5+ Kd7 15. Nf7 Qb8 16. Nxh8 Bxh8 17. exf5 Nxf5 18. Qg4 1-0

[Event "FIDE World Uni Blitz-C 1st"]
[Site "Tornelo INT"]
[Date "2021.03.13"]
[Round "10.38"]
[White "Kunal, Das"]
[Black "Doluweera, Minul Sanjula"]
[Result "0-1"]
[WhiteElo "1655"]
[BlackElo "2139"]
[PlyCount "114"]
[EventDate "2021.03.13"]
[EventType "swiss (blitz)"]
[EventRounds "10"]
[EventCountry "NET"]
[SourceTitle "EXT 2022"]
[Source "ChessBase"]
[SourceDate "2021.10.06"]
[SourceVersion "1"]
[SourceVersionDate "2021.10.06"]
[SourceQuality "1"]

1. d4 Nf6 2. c4 e6 3. Nc3 d5 4. Bg5 Bb4 5. Nf3 h6 6. Bxf6 Qxf6 7. e3 0-0 8. cxd5 exd5 9. Bd3 Be6 10. 0-0 a6 11. Qb3 Bxc3 12. bxc3 b6 13. Ne5 Qe7 14. c4 Rd8 15. Rfc1 f6 16. Ng6 Qf7 17. cxd5 Bxd5 18. Qc2 Nc6 19. Nf4 Nb4 20. Bh7+ Kh8 21. Qg6 Qxg6 22. Bxg6 Bxa2 23. Rxc7 Rac8 24. Rac1 Rxc7 25. Rxc7 b5 26. Bf5 Nd5 27. Nxd5 Bxd5 28. Ra7 Rd6 29. f3 Rb6 30. e4 Bb7 31. Kf2 b4 32. Bd7 b3 33. Ba4 b2 34. Bc2 b1Q 35. Bxb1 Rxb1 36. Kg3 Kh7 37. d5 Kg8 38. Kf4 Kf7 39. h3 Ke7 40. g4 Kd6 41. h4 Rb3 42. h5 Kc7 43. Kf5 Kb8 44. Rxb7+ Kxb7 45. Kg6 Rxf3 46. Kxg7 Rf4 47. Kxh6 Rxg4 48. Kh7 a5 49. h6 a4 50. Kh8 a3 51. d6 a2 52. d7 Kc7 53. e5 a1Q 54. d8Q+ Kxd8 55. h7 Rh4 56. exf6 Qxf6+ 57. Kg8 Rg4# 0-1

[Event "FIDE World Uni Blitz-C 1st"]
[Site "Tornelo INT"]
[Date "2021.03.13"]
[Round "5.11"]
[White "Martirosyan, Haik M"]
[Black "Doluweera, Minul Sanjula"]
[Result "1-0"]
[WhiteElo "2622"]
[BlackElo "2139"]
[PlyCount "35"]
[EventDate "2021.03.13"]
[EventType "swiss (blitz)"]
[EventRounds "10"]
[EventCountry "NET"]
[SourceTitle "EXT 2022"]
[Source "ChessBase"]
[SourceDate "2021.10.06"]
[SourceVersion "1"]
[SourceVersionDate "2021.10.06"]
[SourceQuality "1"]

1. c3 c5 2. Nf3 d5 3. d3 Nc6 4. g3 e5 5. Nbd2 Nf6 6. e4 d4 7. Nc4 Qc7 8. cxd4 cxd4 9. Bd2 b5 10. Na3 a6 11. Rc1 Bd6 12. Nc2 Qb7 13. Na1 Be6 14. Nb3 Nd7 15. Ng5 Bxb3 16. Qxb3 0-0 17. Qd5 Bb4 18. Bxb4 1-0

[Event "Delkanda Inter Club-chT"]
[Site "Delkanda"]
[Date "2021.03.02"]
[Round "9.4"]
[White "Liyanage, Ranindu Dilshan"]
[Black "Doluweera, Minul Sanjula"]
[Result "1-0"]
[WhiteElo "2178"]
[BlackElo "2135"]
[PlyCount "67"]
[EventDate "2021.02.26"]
[EventType "team-tourn"]
[EventRounds "9"]
[EventCountry "SRI"]
[SourceTitle "EXT 2022"]
[Source "ChessBase"]
[SourceDate "2021.10.06"]
[SourceVersion "1"]
[SourceVersionDate "2021.10.06"]
[SourceQuality "1"]
[WhiteTeam "Jayewardenepura Univ"]
[BlackTeam "Blue and Gold CC"]
[WhiteTeamCountry "SRI"]
[BlackTeamCountry "SRI"]

1. e4 c6 2. d4 d5 3. e5 Bf5 4. h4 h5 5. c4 e6 6. Nc3 Ne7 7. Nge2 dxc4 8. Ng3 Bd3 9. Bxd3 cxd3 10. Qxd3 Na6 11. 0-0 Ng6 12. Bg5 Be7 13. Nce4 Bxg5 14. Nd6+ Kf8 15. hxg5 Qxg5 16. f4 Nxf4 17. Qe4 Qxg3 18. Rxf4 Kg8 19. Nxf7 Nb4 20. Raf1 Nd5 21. R1f3 Qxf4 22. Rxf4 Rf8 23. Nxh8 Rxf4 24. Qg6 Kxh8 25. Qxh5+ Kg8 26. Qe8+ Kh7 27. Qxe6 Rxd4 28. Qf5+ Kh6 29. e6 g6 30. Qf8+ Kg5 31. e7 Rd1+ 32. Kh2 Ne3 33. Qf3 Ng4+ 34. Qxg4+ 1-0

[Event "Asia Nations online Cup"]
[Site "Chess.com INT"]
[Date "2020.10.18"]
[Round "8.5"]
[White "Tologontegin, Semetey"]
[Black "Doluweera, Minul Sanjula"]
[Result "1-0"]
[WhiteElo "2358"]
[BlackElo "2135"]
[PlyCount "83"]
[EventDate "2020.10.10"]
[EventType "team-swiss (rapid)"]
[EventRounds "9"]
[EventCountry "IND"]
[SourceTitle "CBM 198 Extra"]
[Source "ChessBase"]
[SourceDate "2020.11.30"]
[SourceVersion "1"]
[SourceVersionDate "2020.11.30"]
[SourceQuality "1"]
[WhiteTeam "Kyrgyzstan"]
[BlackTeam "Sri Lanka"]
[WhiteTeamCountry "KGZ"]
[BlackTeamCountry "SRI"]

1. d4 d5 2. c4 e6 3. Nc3 a6 4. cxd5 exd5 5. Nf3 Nf6 6. Bf4 Bd6 7. Bg3 0-0 8. e3 Bf5 9. Qb3 Nc6 10. a3 Bxg3 11. hxg3 Qd6 12. Rc1 Rfe8 13. Be2 b5 14. 0-0 Rad8 15. Rfe1 Ng4 16. Nh4 Qh6 17. Nxd5 Na5 18. Qc3 Rxd5 19. Qxa5 Nxf2 20. Bf3 Ne4 21. Nxf5 Rxf5 22. Bxe4 Rxe4 23. Qxc7 g6 24. Qd8+ Kg7 25. Rc8 Qh5 26. Qf8+ Kf6 27. Qd8+ Kg7 28. Qf8+ Kf6 29. Rc6+ Kg5 30. Rc5 Kg4 31. Rxf5 Qxf5 32. Rf1 Qg5 33. Qc8+ f5 34. Rf4+ Rxf4 35. exf4 Qe7 36. Qc3 Kh5 37. d5 Qe4 38. Qf3+ Kh6 39. Qxe4 fxe4 40. d6 Kg7 41. d7 Kf7 42. d8Q 1-0

[Event "Asia Nations online Cup"]
[Site "Chess.com INT"]
[Date "2020.10.16"]
[Round "5.4"]
[White "Kuybokarov, Temur"]
[Black "Doluweera, Minul Sanjula"]
[Result "1/2-1/2"]
[WhiteElo "2530"]
[BlackElo "2135"]
[PlyCount "82"]
[EventDate "2020.10.10"]
[EventType "team-swiss (rapid)"]
[EventRounds "9"]
[EventCountry "IND"]
[SourceTitle "CBM 198 Extra"]
[Source "ChessBase"]
[SourceDate "2020.11.30"]
[SourceVersion "1"]
[SourceVersionDate "2020.11.30"]
[SourceQuality "1"]
[WhiteTeam "Australia"]
[BlackTeam "Sri Lanka"]
[WhiteTeamCountry "AUS"]
[BlackTeamCountry "SRI"]

1. e4 c6 2. d4 d5 3. e5 Bf5 4. Nf3 e6 5. Be2 Nd7 6. 0-0 Bg6 7. Nbd2 Nh6 8. Nb3 Nf5 9. a4 Be7 10. a5 0-0 11. g4 Nh4 12. Nxh4 Bxh4 13. f4 f5 14. g5 h6 15. gxh6 gxh6 16. Bh5 Qe8 17. Bxg6 Qxg6+ 18. Kh1 Kh7 19. Rg1 Qf7 20. Be3 Rg8 21. Qf3 Rxg1+ 22. Rxg1 Rg8 23. Rxg8 Qxg8 24. Qh5 Bd8 25. Bd2 Qg6 26. Qxg6+ Kxg6 27. Nc1 c5 28. dxc5 Nxc5 29. Ne2 a6 30. Kg2 Ne4 31. Be1 Bc7 32. Kf3 Bb8 33. Nd4 Kf7 34. Ke2 Ba7 35. Nf3 Ke7 36. Bb4+ Kd7 37. Bf8 h5 38. Kd3 Nf2+ 39. Ke2 Ne4 40. Kd3 Nf2+ 41. Ke2 Ne4 1/2-1/2

[Event "Joytu Sheikh Hasina Online op"]
[Site "Chess.com INT"]
[Date "2020.09.26"]
[Round "8"]
[White "Ghosh, Chanchal Kumer"]
[Black "Doluweera, Minul Sanjula"]
[Result "1-0"]
[WhiteElo "2061"]
[BlackElo "2118"]
[PlyCount "55"]
[EventDate "2020.09.24"]
[EventType "swiss"]
[EventRounds "9"]
[EventCountry "BAN"]
[SourceTitle "EXT 2022"]
[Source "ChessBase"]
[SourceDate "2021.10.06"]
[SourceVersion "1"]
[SourceVersionDate "2021.10.06"]
[SourceQuality "1"]

1. e4 c6 2. Nf3 d5 3. Nc3 Nf6 4. e5 Ne4 5. Ne2 Qb6 6. d4 e6 7. c3 Nd7 8. Nf4 c5 9. a3 f6 10. exf6 Ndxf6 11. Bd3 cxd4 12. cxd4 Bd6 13. 0-0 0-0 14. g3 Bxf4 15. Bxf4 Qxb2 16. a4 Nc3 17. Qc1 Ne2+ 18. Bxe2 Qxe2 19. Ra3 Ne4 20. Ne5 b6 21. Re3 Qh5 22. Qc6 Ba6 23. Qxe6+ Kh8 24. Rfe1 Nxf2 25. Kxf2 Qxh2+ 26. Kf3 Bc8 27. Nf7+ Kg8 28. Nh6+ 1-0